[Event "4NCL/Div1/AD vs. GUI1"]
[Site "Wokefield Park ENG"]
[Date "2008.01.12"]
[Round "5.8"]
[White "Lalic, Susan"]
[Black "Bellin, Jana"]
[Result "1-0"]
[WhiteElo "2334"]
[BlackElo "2170"]
[PlyCount "69"]
[EventDate "2008.01.12"]
[EventCountry "ENG"]
[SourceDate "2007.09.15"]

1. e4 c6 2. d4 d5 3. exd5 cxd5 4. c4 Nf6 5. Nc3 e6 6. Nf3 Bb4 7. cxd5 Nxd5 8.
Bd2 O-O 9. Bd3 Nf6 10. a3 Be7 11. O-O Nc6 12. Be3 b6 13. Bc2 Bb7 14. Qd3 g6 15.
Bh6 Re8 16. Rad1 Qc7 17. Nb5 Qb8 18. Qd2 Qd8 19. Nc3 Na5 20. Ne5 Nd5 21. Ba4
Nxc3 22. Bxe8 Qd5 23. Bxf7+ Kh8 24. f3 Nxd1 25. Rxd1 Nc4 26. Nxc4 Qxc4 27. Qe3
Bf6 28. Bxe6 Qc2 29. Qd2 Qa4 30. Be3 Rd8 31. d5 Bc8 32. Bxc8 Rxc8 33. Bd4 Kg7
34. Bxf6+ Kxf6 35. d6 1-0

[Event "4NCL/Div1/BAR2 vs. GUI2"]
[Site "Wokefield Park ENG"]
[Date "2008.01.12"]
[Round "5.1"]
[White "Berry, Neil"]
[Black "King, Daniel J"]
[Result "0-1"]
[WhiteElo "2319"]
[BlackElo "2510"]
[PlyCount "76"]
[EventDate "2008.01.12"]
[EventCountry "ENG"]
[SourceDate "2007.09.15"]

1. d4 e6 2. e4 d5 3. Nd2 c5 4. exd5 exd5 5. Ngf3 c4 6. Be2 Nc6 7. O-O Bd6 8.
Re1 Nge7 9. Nf1 O-O 10. b3 cxb3 11. axb3 h6 12. Ne3 Be6 13. Ba3 Bxa3 14. Rxa3
Qd6 15. Ra4 Rfd8 16. Qd2 a6 17. Bd3 Rac8 18. Rd1 Kf8 19. c3 Rc7 20. Bc2 Ng8 21.
c4 Nf6 22. c5 Qf4 23. Qc3 Rcd7 24. Nd2 h5 25. g3 Qh6 26. Qd3 h4 27. Re1 Ne4 28.
Nxe4 dxe4 29. Qxe4 Rxd4 30. Rxd4 Rxd4 31. Qf3 Qg5 32. Bf5 Bxb3 33. Rb1 Rb4 34.
Qe2 g6 35. Bc2 Nd4 36. Qd1 Bxc2 37. Nxc2 Rxb1 38. Qxb1 Qf5 0-1

[Event "4NCL/Div1/BAR2 vs. GUI2"]
[Site "Wokefield Park ENG"]
[Date "2008.01.12"]
[Round "5.2"]
[White "Flear, Glenn C"]
[Black "Lewis, Andrew P"]
[Result "1-0"]
[WhiteElo "2493"]
[BlackElo "2292"]
[PlyCount "73"]
[EventDate "2008.01.12"]
[EventCountry "ENG"]
[SourceDate "2007.09.15"]

1. d4 Nf6 2. c4 g6 3. Nc3 Bg7 4. e4 d6 5. Be2 O-O 6. Bg5 Na6 7. Qc2 h6 8. Bd2
Nb4 9. Qc1 Kh7 10. Nf3 Bg4 11. O-O e5 12. d5 a5 13. Be3 Bd7 14. h3 Nh5 15. Rd1
Qe7 16. a3 Na6 17. b4 Nf4 18. Bf1 f5 19. Nh2 c6 20. dxc6 bxc6 21. c5 dxc5 22.
Na4 fxe4 23. Nb6 Bf5 24. Nxa8 Rxa8 25. bxa5 Nd3 26. Qc2 Rd8 27. f3 c4 28. fxe4
Bxe4 29. Qxc4 Nb2 30. Qxe4 Nxd1 31. Bb6 Nc3 32. Qxc6 e4 33. Bxa6 Rd2 34. Re1
Rc2 35. Qb7 Qg5 36. Ng4 h5 37. Bd4 1-0

[Event "4NCL/Div1/BAR2 vs. GUI2"]
[Site "Wokefield Park ENG"]
[Date "2008.01.12"]
[Round "5.4"]
[White "Buckley, Graeme"]
[Black "Taylor, Martin R"]
[Result "1/2-1/2"]
[WhiteElo "2392"]
[BlackElo "2334"]
[PlyCount "88"]
[EventDate "2008.01.12"]
[EventCountry "ENG"]
[SourceDate "2007.09.15"]

1. d4 d5 2. c4 e6 3. Nc3 Nf6 4. Bg5 c6 5. e3 Nbd7 6. cxd5 exd5 7. Bd3 Be7 8.
Nf3 O-O 9. Qc2 Re8 10. O-O Nf8 11. h3 Ng6 12. Bxf6 Bxf6 13. b4 a6 14. a4 Be7
15. b5 Bd6 16. bxc6 bxc6 17. a5 Qf6 18. Rfe1 Bxh3 19. Bxg6 hxg6 20. e4 Bb4 21.
Re3 Be6 22. Ne5 Rec8 23. Rb1 Qe7 24. Na4 Bxa5 25. Nc5 Bd8 26. Rb7 Rc7 27. Nxc6
Qd6 28. exd5 Bd7 29. Rxc7 Bxc7 30. Ne5 Bf5 31. Ne4 Qxd5 32. Qxc7 Bxe4 33. Kh2
Bf5 34. Nc6 Qd7 35. Ne7+ Kf8 36. Qc5 Be6 37. Nxg6+ Kg8 38. Ne5 Qd5 39. Qxd5
Bxd5 40. Ra3 a5 41. Nd7 Bc6 42. Nb6 Ra6 43. d5 Rxb6 44. dxc6 Rxc6 1/2-1/2

[Event "4NCL/Div1/BAR2 vs. GUI2"]
[Site "Wokefield Park ENG"]
[Date "2008.01.12"]
[Round "5.5"]
[White "Bigg, Andrew J"]
[Black "Tissir, Mohamed"]
[Result "1/2-1/2"]
[WhiteElo "2231"]
[BlackElo "2444"]
[PlyCount "59"]
[EventDate "2008.01.12"]
[EventCountry "ENG"]
[SourceDate "2007.09.15"]

1. d4 d6 2. e4 g6 3. Nc3 Bg7 4. Be3 a6 5. Qd2 b5 6. Bd3 Bb7 7. f3 Nd7 8. a4 c6
9. Nge2 Ngf6 10. Nd1 O-O 11. Bh6 e5 12. Bxg7 Kxg7 13. c3 d5 14. O-O c5 15. exd5
c4 16. Be4 Bxd5 17. Bxd5 Nxd5 18. Ne3 Nxe3 19. Qxe3 Qb6 20. axb5 axb5 21. Rxa8
Rxa8 22. f4 exd4 23. Nxd4 Ra2 24. f5 Rxb2 25. Qe7 Nf6 26. Kh1 Ng8 27. Qd7 Nf6
28. Qe7 Ng8 29. Qd7 Nf6 30. Qe7 1/2-1/2

[Event "4NCL/Div1/BAR2 vs. GUI2"]
[Site "Wokefield Park ENG"]
[Date "2008.01.12"]
[Round "5.6"]
[White "Muir, Andrew J"]
[Black "Taylor, Peter"]
[Result "1-0"]
[WhiteElo "2358"]
[BlackElo "2246"]
[PlyCount "59"]
[EventDate "2008.01.12"]
[EventCountry "ENG"]
[SourceDate "2007.09.15"]

1. d4 Nf6 2. c4 e6 3. Nc3 Bb4 4. e3 O-O 5. Bd3 d5 6. Nf3 c5 7. O-O dxc4 8. Bxc4
cxd4 9. exd4 Nbd7 10. Bg5 h6 11. Bh4 Qa5 12. Rc1 Bxc3 13. Rxc3 b5 14. Bb3 b4
15. Re3 Bb7 16. Ne5 Bd5 17. Ba4 Qc7 18. Nxd7 Nxd7 19. Qd2 a5 20. Rc1 Qb7 21.
Rg3 Kh7 22. Bxd7 Qxd7 23. Bf6 Rg8 24. Qd3+ Kh8 25. Qe3 Kh7 26. Qd3+ Kh8 27. Qe3
Kh7 28. Rh3 g5 29. Qd3+ Rg6 30. Rxh6+ 1-0

[Event "4NCL/Div1/BAR2 vs. GUI2"]
[Site "Wokefield Park ENG"]
[Date "2008.01.12"]
[Round "5.7"]
[White "Kilpatrick, Callum"]
[Black "Povah, Nigel E"]
[Result "0-1"]
[WhiteElo "2209"]
[BlackElo "2334"]
[PlyCount "58"]
[EventDate "2008.01.12"]
[EventCountry "ENG"]
[SourceDate "2007.09.15"]

1. e4 d5 2. exd5 Nf6 3. Nf3 Qxd5 4. Nc3 Qd6 5. d4 a6 6. Ne5 Nc6 7. Nxc6 Qxc6 8.
d5 Qd6 9. Qf3 Bg4 10. Qf4 e5 11. Qa4+ Bd7 12. Qb3 b5 13. Bd3 c5 14. Ne4 Nxe4
15. Bxe4 f5 16. Bf3 c4 17. Qc3 Be7 18. O-O O-O 19. Rd1 e4 20. Be2 f4 21. a4 Bf6
22. Qa3 b4 23. Qa2 f3 24. Bf1 fxg2 25. Bxg2 Be5 26. Qxc4 Bxh2+ 27. Kh1 Rxf2 28.
Bxe4 Bg1 29. Bxh7+ Kh8 0-1

[Event "4NCL/Div1/BAR2 vs. GUI2"]
[Site "Wokefield Park ENG"]
[Date "2008.01.12"]
[Round "5.8"]
[White "Sandu, Mihaela"]
[Black "Bhatia, Kanwal K"]
[Result "1-0"]
[WhiteElo "2313"]
[BlackElo "2054"]
[PlyCount "49"]
[EventDate "2008.01.12"]
[EventCountry "ENG"]
[SourceDate "2007.09.15"]

1. e4 e5 2. Nf3 Nc6 3. Nc3 Nf6 4. d4 exd4 5. Nxd4 Bb4 6. Nxc6 bxc6 7. Bd3 O-O
8. O-O d5 9. exd5 cxd5 10. Bg5 c6 11. Na4 Bd6 12. Re1 h6 13. Bh4 Rb8 14. c3 c5
15. Bc2 Bd7 16. Rb1 Bc6 17. Qd3 Bb5 18. Qf3 Qd7 19. Bxf6 Bxa4 20. b3 Bb5 21. c4
dxc4 22. Qe4 g6 23. Qh4 h5 24. Qg5 Kh7 25. Qxh5+ 1-0

[Event "4NCL/Div1/BET vs. CAMB1"]
[Site "Wokefield Park ENG"]
[Date "2008.01.12"]
[Round "5.2"]
[White "Dearing, Eddie"]
[Black "Ledger, Andrew J"]
[Result "1/2-1/2"]
[WhiteElo "2381"]
[BlackElo "2424"]
[PlyCount "45"]
[EventDate "2008.01.12"]
[EventCountry "ENG"]
[SourceDate "2007.09.15"]

1. d4 d6 2. g3 Nd7 3. c4 e5 4. Nc3 Ngf6 5. Bg2 Be7 6. e3 O-O 7. Nge2 a6 8. O-O
Rb8 9. a4 a5 10. b3 c6 11. Ba3 Re8 12. Qc2 Qc7 13. Rac1 Nf8 14. e4 h5 15. h3 h4
16. gxh4 Ng6 17. f4 exf4 18. Nxf4 Nxf4 19. Rxf4 d5 20. e5 Bxa3 21. Rcf1 Nh7 22.
Rxf7 Re7 23. Nxd5 1/2-1/2

[Event "4NCL/Div1/BET vs. CAMB1"]
[Site "Wokefield Park ENG"]
[Date "2008.01.12"]
[Round "5.3"]
[White "Hunt, Harriet"]
[Black "Moskovic, David M"]
[Result "0-1"]
[WhiteElo "2457"]
[BlackElo "2273"]
[PlyCount "78"]
[EventDate "2008.01.12"]
[EventCountry "ENG"]
[SourceDate "2007.09.15"]

1. e4 c5 2. Nc3 a6 3. f4 b5 4. Nf3 Bb7 5. d3 e6 6. Qe2 Nc6 7. g3 Nd4 8. Nxd4
cxd4 9. Nd1 d5 10. e5 Bc5 11. Bh3 Ne7 12. O-O Qd7 13. Bd2 h5 14. Be1 Nf5 15.
Bf2 Rc8 16. Rc1 Ke7 17. Re1 g6 18. Bg2 a5 19. c3 dxc3 20. bxc3 d4 21. Bxb7 Qxb7
22. Qe4 Qb6 23. c4 Bb4 24. Rf1 bxc4 25. Rxc4 Rxc4 26. dxc4 Bc5 27. Kg2 Rd8 28.
h3 Ne3+ 29. Nxe3 dxe3 30. Be1 Qb2+ 31. Kf3 Rd1 32. Qc6 Qd4 33. g4 g5 34. gxh5
e2 35. Qb7+ Kf8 36. Qa8+ Kg7 37. h6+ Kh7 38. Rh1 Rxe1 39. Rxe1 Qf2+ 0-1

[Event "4NCL/Div1/BET vs. CAMB1"]
[Site "Wokefield Park ENG"]
[Date "2008.01.12"]
[Round "5.4"]
[White "Eckersley-Waites, Adam"]
[Black "Ansell, Simon"]
[Result "0-1"]
[WhiteElo "2199"]
[BlackElo "2402"]
[PlyCount "94"]
[EventDate "2008.01.12"]
[EventCountry "ENG"]
[SourceDate "2007.09.15"]

1. e4 c5 2. Nf3 Nc6 3. d4 cxd4 4. Nxd4 e5 5. Nb5 d6 6. N1c3 a6 7. Na3 b5 8. Nd5
Nf6 9. Nxf6+ Qxf6 10. c4 b4 11. Nc2 Rb8 12. Bd3 Qd8 13. O-O Be7 14. g3 O-O 15.
Be3 Bg5 16. f4 exf4 17. gxf4 Bf6 18. Qf3 b3 19. axb3 Rxb3 20. Rad1 Qc7 21. e5
dxe5 22. Bc5 Ne7 23. Bxe7 Bxe7 24. Bxh7+ Kxh7 25. Qxb3 Bc5+ 26. Kg2 Bb7+ 27.
Rd5 Bxd5+ 28. cxd5 exf4 29. Qd3+ g6 30. Qxa6 Qe5 31. Qc4 Bd6 32. b4 f3+ 33.
Rxf3 Qxh2+ 34. Kf1 Kg7 35. Qd4+ Be5 36. Qf2 Qh1+ 37. Ke2 Qb1 38. Qc5 Rh8 39. d6
Bxd6 40. Qd4+ Kg8 41. Qxd6 Qxc2+ 42. Ke3 Qc3+ 43. Kf2 Qb2+ 44. Ke3 Rh5 45. Kd3
Qb3+ 46. Ke4 Rh4+ 47. Ke5 Qb2+ 0-1

[Event "4NCL/Div1/BET vs. CAMB1"]
[Site "Wokefield Park ENG"]
[Date "2008.01.12"]
[Round "5.5"]
[White "Webb, Laurence E"]
[Black "Churm, Rohan M"]
[Result "0-1"]
[WhiteElo "2304"]
[BlackElo "2189"]
[PlyCount "90"]
[EventDate "2008.01.12"]
[EventCountry "ENG"]
[SourceDate "2007.09.15"]

1. e4 e6 2. d4 d5 3. e5 c5 4. c3 Nc6 5. Nf3 Bd7 6. Be2 f6 7. O-O Qc7 8. Bf4
O-O-O 9. Bg3 Qb6 10. Na3 Nge7 11. exf6 gxf6 12. Nb5 Ne5 13. Nxe5 Bxb5 14. Nf7
Be8 15. Nxh8 Bg7 16. Bg4 Bxh8 17. Re1 f5 18. Bh5 Bd7 19. dxc5 Qxb2 20. Bh4 Nc6
21. Bxd8 Nxd8 22. Re3 Qb5 23. Qd2 Qxc5 24. Rae1 Bf6 25. Rh3 Nc6 26. Bf7 Ne5 27.
Qh6 Qe7 28. Bg8 Ng4 29. Qd2 h6 30. Rg3 Qe8 31. Rxg4 fxg4 32. Qxh6 Bxc3 33. Rc1
d4 34. Qg7 e5 35. Bh7 Qe6 36. Qg8+ Kc7 37. Qf8 Qd5 38. Bg8 Qe4 39. Qc5+ Bc6 40.
Qe7+ Kb6 41. Qd8+ Kb5 42. a4+ Kxa4 43. Kf1 Qxg2+ 44. Ke2 Bb5+ 45. Kd1 Qf1+ 0-1

[Event "4NCL/Div1/BET vs. CAMB1"]
[Site "Wokefield Park ENG"]
[Date "2008.01.12"]
[Round "5.6"]
[White "Garner, David"]
[Black "Duncan, Christopher R"]
[Result "1/2-1/2"]
[WhiteElo "2180"]
[BlackElo "2293"]
[PlyCount "59"]
[EventDate "2008.01.12"]
[EventCountry "ENG"]
[SourceDate "2007.09.15"]

1. e4 c5 2. c3 d5 3. exd5 Qxd5 4. d4 Nf6 5. Nf3 Nc6 6. Be3 e5 7. dxe5 Qxd1+ 8.
Kxd1 Ng4 9. Na3 Ncxe5 10. Nb5 Kd8 11. Nxe5 Nxe5 12. Bf4 f6 13. Bxe5 fxe5 14.
Bd3 a6 15. Na3 b5 16. c4 b4 17. Be4 Ra7 18. Nc2 Rf7 19. Ke2 Bd6 20. Ne3 Rhf8
21. f3 Bb7 22. Rad1 Bxe4 23. Rxd6+ Kc7 24. Rhd1 Bc6 25. Ng4 e4 26. Rxc6+ Kxc6
27. Ne5+ Kc7 28. Nxf7 exf3+ 29. Kxf3 Rxf7+ 30. Ke3 1/2-1/2

[Event "4NCL/Div1/BET vs. CAMB1"]
[Site "Wokefield Park ENG"]
[Date "2008.01.12"]
[Round "5.7"]
[White "Ledger, David J"]
[Black "Pickard, Charles"]
[Result "1/2-1/2"]
[WhiteElo "2277"]
[BlackElo "2203"]
[PlyCount "60"]
[EventDate "2008.01.12"]
[EventCountry "ENG"]
[SourceDate "2007.09.15"]

1. e4 c5 2. Nc3 Nc6 3. Bb5 g6 4. Bxc6 dxc6 5. d3 Bg7 6. Be3 b6 7. Qd2 e5 8.
Nge2 Be6 9. b3 Nf6 10. h3 Qe7 11. Bh6 Qf8 12. Bxg7 Qxg7 13. Nd1 Rd8 14. Qc3 Nd7
15. O-O O-O 16. f4 f5 17. exf5 Bxf5 18. Ne3 Rde8 19. Nxf5 Rxf5 20. Qc4+ Qf7 21.
fxe5 Nxe5 22. Qxf7+ Rxf7 23. Nc3 Nd7 24. Rxf7 Kxf7 25. Ne4 Kg7 26. Rf1 Re6 27.
Kf2 h6 28. a4 Nf6 29. Ke3 Nd5+ 30. Kd2 Nf6 1/2-1/2

[Event "4NCL/Div1/BET vs. CAMB1"]
[Site "Wokefield Park ENG"]
[Date "2008.01.12"]
[Round "5.8"]
[White "Owens, Megan"]
[Black "Ledger, Stephen C"]
[Result "0-1"]
[WhiteElo "1781"]
[BlackElo "2149"]
[PlyCount "72"]
[EventDate "2008.01.12"]
[EventCountry "ENG"]
[SourceDate "2007.09.15"]

1. d4 Nf6 2. c4 c5 3. d5 b5 4. cxb5 a6 5. b6 e6 6. dxe6 fxe6 7. Nc3 Bb7 8. Qc2
Qxb6 9. Nf3 d5 10. e3 Bd6 11. Be2 Nc6 12. a3 Qc7 13. Bd2 O-O 14. e4 Nd4 15. Qd1
Nxf3+ 16. Bxf3 d4 17. Ne2 Nxe4 18. Bxe4 Bxe4 19. f3 Bd5 20. Qc2 Rab8 21. b4 e5
22. Rc1 c4 23. Ng3 c3 24. Bg5 e4 25. O-O Bxg3 26. hxg3 Qxg3 27. fxe4 Qxg5 28.
exd5 Qxd5 29. Qd3 Rxf1+ 30. Rxf1 Re8 31. Rd1 Rd8 32. Rc1 Qg5 33. Rf1 Qe3+ 34.
Qxe3 dxe3 35. Re1 c2 36. Kf1 Rd1 0-1